000 00719nam a2200253 i 4500
001 C2-0248600
003 PPAK
005 20210601153212.0
008 030415s2003 my a j | 0 may d
020 _a9831653742
_qpaperback
040 _aPPAK
_beng
_cPPAK
_erda
082 0 4 _a499.2386
_223
090 0 0 _a499.2386
_bKUD
_dK
245 0 0 _aKuda peliharaan Jabar /
264 1 _aPetaling Jaya, Selangor :
_bKualiti Books,
_c2003
300 _a16 pages :
_bcolour illustrations ;
_c26 cm
336 _2rdacontent
_atext
337 _2rdamedia
_aunmediated
338 _2rdacarrier
_avolume
490 1 _aKoleksi Arab klasik
650 1 0 _aMalay language
_vReaders
830 0 _aKoleksi Arab klasik
942 _cB
_2ddc
999 _c62258
_d62258